| 000 | 00488nam a22001577a 4500 | ||
|---|---|---|---|
| 005 | 20231026131732.0 | ||
| 008 | 231026b |||||||| |||| 00| 0 eng d | ||
| 041 | _aEnglish | ||
| 082 | _a346.7 MON | ||
| 100 |
_aDunn, LE _lEnglish |
||
| 245 |
_aMoney Laundering : _bThe Impact of the Proceeds of Crime Act 2002 on the Legal Profession / _cLE Dunn |
||
| 260 | _c2004 | ||
| 300 |
_bxix, 153 pages ; _c30 cm. |
||
| 650 |
_aLegal practice _bLaw |
||
| 942 |
_cBK _6ALISON_BN_VRIES |
||
| 999 |
_c90 _d90 |
||